| 000 | 00813nac a22002291u 4500 | ||
|---|---|---|---|
| 010 | _a012387904 | ||
| 020 | _a0618056246 (pbk.) | ||
| 022 | _a9780618640881 | ||
| 082 |
_a339 _bTAY |
||
| 090 |
_c9034 _d9034 |
||
| 100 | _aTaylor, John B. | ||
| 245 |
_aPrinciples of macroeconomics / _c John B. Taylor. |
||
| 250 | _a5th ed. | ||
| 260 |
_aBoston : _bHoughton Mifflin, c2007. _cc2007. |
||
| 300 |
_a485 p. : _bill. (chiefly col.), col. maps, ports. (chiefly col.) ; _c 26 cm. |
||
| 500 | _aDistributer: Baccah. | ||
| 504 | _aIncludes bibliographical references and index. | ||
| 511 | _aCatalogued By: Mahitab. | ||
| 650 | _aMacroeconomics. | ||
| 942 |
_cBB _k339TAY |
||
| 999 |
_c9034 _d9034 |
||